000 00754nam a2200193 a 4500
001 BRCA_2057
005 20190320203643.0
008 060808s2000----mx-a---###---#000-0#spa-#
050 4 _aN910.M42
_b.P53 2000
100 1 _aPiazze Santiago, Laura Cecilia
_96273
245 1 0 _aLas exposiciones temporales, el reto diario de los especialistas del Museo Franz Mayer.
260 _aCiudad de México
_c2000
300 _a243 p.
_bil.
502 _aTesis Maestría (Maestra en Museología) Escuela Nacional de Conservación, Restauración y Museografía ´Manuel del Castillo Negrete´
610 2 4 _aMuseo Franz Mayer (Ciudad de México)
_vExposiciones temporales
_96274
700 1 _aVázquez Olvera, Carlos
_easesor
_9577
902 _aTES
942 _2lcc
_cTES
999 _c1821
_d1821